Statistics for Alabama #1 Draft Picks

Click here to take the quiz!

General Stats

  • This quiz has been taken 64 times
  • The average score is 12 of 50

Answer Stats

HintAnswer% Correct
2011 RBMark Ingram
73%
2011 WRJulio Jones
70%
1965 QuarterbackJoe Namath
59%
2012 RBTrent Richardson
59%
2009 OTAndre Smith
45%
1989 LBDerrick Thomas
45%
1936 Blocking BackRiley Smith
45%
2000 RBShaun Alexander
45%
2014 SHa Ha Clinton-Dix
41%
2014 LBCJ Mosley
39%
2012 LBDont'a Hightower
39%
2010 CBKareem Jackson
34%
1974 RBWilbur Jackson
34%
2012 SMark Barron
32%
1987 LBCornelius Bennett
30%
2012 CBDre Kirkpatrick
30%
1973 GJohn Hannah
29%
1994 CBAntonio Langham
27%
2013 OTDJ Fluker
27%
2013 GChance Warmack
25%
1993 DEJohn Copeland
25%
1978 TEOzzie Newsome
25%
2013 CBDee Milliner
23%
1993 DEEric Curry
23%
2011 DTMarcell Dareus
23%
2010 LBRolando McClain
23%
1989 RB (Supp)Bobby Humphrey
21%
2000 OTChris Samuels
21%
1976 QBRichard Todd
21%
1993 SGeorge Teague
20%
1963 LinebackerLee Roy Jordan
18%
2011 OTJames Carpenter
14%
1999 CBFernando Bryant
13%
1997 LBDwayne Rudd
11%
1948 HalfbackHarry Gilmer
9%
1986 DEJon Hand
7%
1990 DEKeith McCants
7%
1979 LBBarry Krauss
5%
1981 LBEJ Junior
5%
1985 LBEmmanuel King
4%
1967 RB/LBLeslie Kelley
2%
1979 DTMarty Lyons
2%
1953 HalfbackBobby Marlow
0%
1978 GBob Cryder
0%
1951 FullbackButch Avinger
0%
1968 WRDennis Homan
0%
1980 DBDon McNeal
0%
1948 BackLowell Tew
0%
1983 DTMike Pitts
0%
1948 CenterVaughn Mancha
0%

Score Distribution

Percentile by Number Answered

Percent of People with Each Score

Your Score History

You have not taken this quiz